Мысль, вооруженная рифмами: Поэтическая антология по истории русского стиха

Opis bibliograficzny
Korporacja: Ленинградский государственный университет им. А. А. Жданова
Kolejni autorzy: Холшевников В. Е. Владислав Евгеньевич (составитель)
Język:rosyjski
Wydane: Ленинград, Изд-во ЛГУ, 1983
Hasła przedmiotowe:
Format: Książka
KOHA link:https://koha.lib.tpu.ru/cgi-bin/koha/opac-detail.pl?biblionumber=120699

MARC

LEADER 00000nam0a2200000 4500
001 120699
005 20241017152852.0
035 |a (RuTPU)RU\TPU\book\130700 
090 |a 120699 
100 |a 20070904d1983 m y0rusy5003 ca 
101 0 |a rus 
102 |a RU 
105 |a a z 001gy 
200 1 |a Мысль, вооруженная рифмами  |e Поэтическая антология по истории русского стиха  |f Ленинградский государственный университет им. А. А. Жданова; сост., автор ст. и примеч. В. Е. Холшевников 
210 |a Ленинград  |c Изд-во ЛГУ  |d 1983 
215 |a 447 с.  |d 22 см 
610 1 |a русская литература 
610 1 |a поэзия 
610 1 |a антология 
610 1 |a история 
675 |a 801 
702 1 |a Холшевников  |b В. Е.  |g Владислав Евгеньевич  |4 220 
712 0 2 |a Ленинградский государственный университет им. А. А. Жданова  |3 (RuTPU)RU\TPU\col\77 
801 0 |a RU  |b RuMRKP  |c 19950704  |g psbo 
801 1 |a RU  |b 63413507  |c 20070904  |g PSBO 
801 2 |a RU  |b 63413507  |c 20070904  |g PSBO 
942 |c BK